000 00817nam a2200289Ia 4500
003 OSt
005 20220912151447.0
006 a|||||r|||| 00| 0
007 ta
008 220909b |||||||| |||| 00| 0 eng d
024 _a55632
037 _cTextual
040 _aCSL
_beng
_cCSL
041 _aeng
082 _aL:47257, M6
100 _aShankel Delbert M Ed.
245 0 _aAntimutagenesis and anticarcinogenesis mechanisms
260 _aNew York
_b Plenum press
_c1986
300 _a605p.
_ccm.
490 _aBasic life sciences; 39
650 _a Cancer
650 _aMedicine
700 _a Hartman Philip E Ed.
700 _a Kada Tsunpo Ed.
942 _hL:47257, M6
_cTEXL
_2CC
999 _c69069
_d69069